Sheʼelot u-teshuvot ha-Radad : (Record no. 32910)
[ view plain ]
| 000 -LEADER | |
|---|---|
| fixed length control field | 00772cam a22002291 4500 |
| 001 - CONTROL NUMBER | |
| control field | he 68000406 |
| 003 - CONTROL NUMBER IDENTIFIER | |
| control field | DLC |
| 005 - DATE AND TIME OF LATEST TRANSACTION | |
| control field | 20260227111453.0 |
| 008 - FIXED-LENGTH DATA ELEMENTS--GENERAL INFORMATION | |
| fixed length control field | 840306s1903 pl 000 0 heb |
| 010 ## - LIBRARY OF CONGRESS CONTROL NUMBER | |
| LC control number | he 68000406 |
| 035 ## - SYSTEM CONTROL NUMBER | |
| System control number | (OCoLC)19163796 |
| 040 ## - CATALOGING SOURCE | |
| Original cataloging agency | DLC |
| Transcribing agency | MH |
| Modifying agency | DLC |
| 042 ## - AUTHENTICATION CODE | |
| Authentication code | premarc |
| 050 00 - LIBRARY OF CONGRESS CALL NUMBER | |
| Classification number | BM522.63 |
| Item number | .I79 |
| 100 1# - MAIN ENTRY--PERSONAL NAME | |
| Personal name | Meisels, David Dob, |
| Dates associated with a name | 1814-1876. |
| 245 10 - TITLE STATEMENT | |
| Title | Sheʼelot u-teshuvot ha-Radad : |
| Remainder of title | ḥeleḳ Even ha-ʻezer ... |
| 260 ## - PUBLICATION, DISTRIBUTION, ETC. | |
| Place of publication, distribution, etc. | Piotrków : |
| Name of publisher, distributor, etc. | Defus M. Tsederboym, |
| Date of publication, distribution, etc. | 663, 1903. |
| 300 ## - PHYSICAL DESCRIPTION | |
| Extent | 140 p. ; |
| Dimensions | 35 cm. |
| 501 ## - WITH NOTE | |
| With note | With ths is bound: Maĭzlish, Ẓebi Aryeh Judah Jacob: Sheʼelot u-teshuvot Ḥedṿat Yaʻaḳov, Pitroków Trybunalski, 1903. |
| 650 #0 - SUBJECT ADDED ENTRY--TOPICAL TERM | |
| Topical term or geographic name entry element | Responsa |
| Chronological subdivision | 1800-1948. |
| 752 ## - ADDED ENTRY--HIERARCHICAL PLACE NAME | |
| Country or larger entity | Poland |
| City | Piotrków Trybunalski |
No items available.